000 00552nam a2200241Ia 4500
005 20250425162105.0
008 250425s9999 xx 000 0 und d
020 _a9682445558
041 _aspa
082 _a631.5
100 _aDIAZ FRANCO, ARTURO
245 0 _aENFERMEDADES INFECCIOSAS DE LOS CULTIVOS
250 _a1A ED.
260 _aEstados Unidos
_bTRILLAS
_c1993
260 _aS.L.
300 _a288
650 _aBACTERIAS
650 _aENFERMEDADES
650 _aHONGOS
650 _aVIRUS
942 _c01
010 _a49086
999 _c222139
_d222139